Dávkový postup polyamidov z aminonitrilov. C08G 69/04 patentový dokument

Podrobná bibliografia
Hlavný autor: Mohrschladt, Ralf (Autor)
Médium: Kniha
Jazyk:neznámy jazyk
Vydavateľské údaje: Banská Bystrica Úrad priemyselného vlastníctva SR 2003
Predmet:

MARC

LEADER 00000nam a2200000 a 4500
001 vtls001464901
003 SK-MaSNL
005 20260302051451.0
008 240314s2003 xo 0 und
035 |a SNK000420206 
040 |a SNK  |b slo  |c SNK  |e AACR2 
044 |a xo  |c SK 
100 1 |a Mohrschladt, Ralf  |4 aut  |9 707138 
245 1 0 |a Dávkový postup polyamidov z aminonitrilov. C08G 69/04  |b patentový dokument 
260 |a Banská Bystrica  |b Úrad priemyselného vlastníctva SR  |c 2003 
655 7 |a patentové spisy  |2 SNK  |9 63387 
999 |c 1101330  |d 1103260 
952 |t P60, <03>, [BOOK], {603}  |a SNK  |b SNK  |y PREZ  |7 0  |p 17A0405041  |o snkSK 283229  |i snkPS 940/2003  |0 0  |1 0  |4 0  |d 2003-12-05  |l 0  |r 2005-01-02 00:00:00  |w 2026-02-24